| 000 | 00824nam a2200229 i 4500 | ||
|---|---|---|---|
| 001 | 182653 | ||
| 003 | ES-MaACL | ||
| 005 | 20250902225548.0 | ||
| 008 | 131008s2008 sp | |||||||| | spa d | ||
| 020 | _a978-84-936669-2-7 | ||
| 080 | _a821.134.2(899)-14"19" | ||
| 100 | 0 |
_aCourtoisie, Rafael. _941299 |
|
| 245 | 1 | 0 |
_aPoesía y caracol / _cRafael Courtoisie. |
| 260 |
_aSevilla : _bSibila : _bFundación BBVA, _c[2008] |
||
| 300 |
_a61 p. ; _c17 cm. |
||
| 490 | 1 | _aBiblioteca Sibila-Fundación BBVA de poesía española.Inéditos | |
| 830 | 0 |
_aBiblioteca Sibila-Fundación BBVA de poesía española.Inéditos _9224871 |
|
| 852 |
_aES-MaACL _jA-12813 _9189570 _bR.149027 _cDEPO1 _dOlim: N-5813 _xDonación: Fundación BBVA |
||
| 914 |
_aFundación BBVA _ednr _94230 |
||
| 942 |
_2udc _cMONOGRAFIA |
||
| 999 |
_c182653 _d182653 |
||